000 00855nam a2200277 a 4500
001 57558
003 BD-RjUL
005 20211209080527.0
008 161210s1981 enka b 001 0 eng
020 _a0205072380 :
_c$18.95
020 _a0205077145
035 _a(BD-RjUL)57682
040 _aDLC
_cDLC
_dDLC
_beng
041 _aeng
082 0 0 _a302
_223
_bBAS 1981
100 1 _aBaron, Robert A.
_9170919
245 1 0 _aSocial psychology :
_bunderstanding human interaction /
_cRobert A. Baron and Donn Byrne.
250 _a3d ed.
260 _aBoston :
_bAllyn and Bacon Inc.,
_cc1981.
300 _axviii, 633 p. :
_bill. ;
_c25 cm.
504 _aIncludes indexes and Bibliography: p. [577]-620.
650 0 _aSocial psychology.
_9170365
700 1 _aByrne, Donn Erwin,
_ejoint author.
_9170920
942 _2ddc
_cBK
999 _c57558
_d57558